Bible by Letter - L - Statistics

General Stats
  • This quiz has been taken 74 times
  • The average score is 12 of 15
Answer Stats
Hint Answer % Correct
Tribe of Israel, without allotted land Levi
96%
The ____ is my shepherd, I lack nothing LORD
96%
Third book of the Bible Leviticus
91%
Ancient country in the Bible known for its cedar trees Lebanon
90%
Nephew of Abraham, whose wife turned into a pillar of salt Lot
88%
Person Jesus raised from the dead Lazarus
87%
Jesus told the parable of the ____ sheep Lost
84%
During Passover, the Israelites ate un-_____ bread Leaven
82%
Skin disease that use to make people 'unclean' Leprosy
76%
Book written by the prophet Jeremiah, full of sadness Lamentations
75%
Daughter of the above Leah
71%
Priest's garments were made from finely woven Linen
68%
Fruit of the Spirit. The New Testament used many different words for this word Love
63%
A book of the Bible written by a doctor Luke
56%
Person who forced Jacob to work for 14 years to marry the person he wanted Laban
32%
No matching quizzes found
Score Distribution
Percent of People with Each Score
Percentile by Number Answered
Your Score History
You have not taken this quiz